| 000 | 00391nam a22001337a 4500 | ||
|---|---|---|---|
| 020 | _a0-07-024989-X | ||
| 082 | _a629.892 GRO'I | ||
| 100 |
_aWEISS, MITCHELL,ODREY, NICHOLAS G,GROOVER, MIKELL P _979815 |
||
| 245 | _aINDUSTRIAL ROBOTS ,TECHNOLOGY PROGRAMMING AND APPLICATIONS | ||
| 260 |
_aNEWYORK _bMCGRAW HILL _c1988 |
||
| 300 | _a546P | ||
| 650 |
_aROBOTS INDUSTRIAL _966713 |
||
| 942 | _cBK | ||
| 999 |
_c584807 _d584807 |
||